000 00891cam a2200217 4500
082 0 0 _a388.1
_bHUB
_cD
100 1 _aHuber, Matthew J.
_938484
245 1 0 _aComparative analysis of traffic assignment techniques with actual highway use
_c[by] Matthew J. Huber, Harvey B. Boutwell, and David K. Witheford.
260 _a[Washington]
_bHighway Research Board,
_c1968.
300 _a85 p.
_billus., maps.
_c28 cm.
490 1 _aNAS-NRC publication 1712.
490 1 _aNational Cooperative Highway Research Program. Report ;
500 _a"The research reported herein was performed by the Bureau of Highway Traffic, Yale University."
526 _a0
_b0
_c0
_d388_100000000000000_HUB
650 0 _aMCE
_9379
650 0 _aTraffic assignment.
_938485
700 1 _aBoutwell, Harvey B.,
_938486
700 1 _aWitheford, David K.,
_920748
710 2 _aYale University.
_938487
942 _2ddc
_cBK
999 _c543108
_d543108